| 000 | 00786nam0a22002531 4500 | ||
|---|---|---|---|
| 001 | rc\598654 | ||
| 005 | 20250621180246.0 | ||
| 035 | _a(NLR Aleph) 005843177 | ||
| 090 |
_a5700767 _c5700767 |
||
| 100 | _a20031121d1986 |||y0rusy50 ca | ||
| 101 | 0 | _arus | |
| 102 | _aRU | ||
| 105 | _aa ||||||||| | ||
| 200 | 1 | _aС.М. Киров на Тереке | |
| 210 |
_aНальчик _cЭльбрус _d1986 |
||
| 215 |
_a141, [2] с., [1] л. портр. _cил. _d21 |
||
| 600 | 1 |
_aКиров _bС.М. _gСергей Миронович _2psbo |
|
| 700 | 1 |
_aГугов _bР.Х. _gРашад Хусейнович |
|
| 701 | 1 |
_aУлигов _bУ.А. _gУстирхан Алиевич |
|
| 801 | 0 |
_aRU _bNLR _gpsbo |
|
| 801 | 1 |
_aRU _bELAR _2rusmarc |
|
| 852 |
_aNLR _j86-3/2947 |
||
| 942 | _cBOOK | ||
| 980 | _aNB | ||